[Event "Mallorca-ch D1"]
[Site "Palma de Mallorca"]
[Date "2000.12.23"]
[Round "8"]
[White "Nadal, Bernardo"]
[Black "Oliver Serrano, Pedro Jose"]
[Result "1-0"]
[WhiteElo "2044"]
[BlackElo "1947"]
[PlyCount "91"]
[EventDate "2000.??.??"]
[EventType "swiss"]
[EventRounds "8"]
[EventCountry "ESP"]
[SourceTitle "EXT 2003"]
[Source "ChessBase"]
[SourceDate "2002.11.25"]
[SourceVersion "1"]
[SourceVersionDate "2002.11.25"]
[SourceQuality "1"]

1. d4 Nf6 2. c4 e6 3. Nc3 b6 4. Nf3 Bb7 5. g3 Be7 6. Bg2 0-0 7. 0-0 d5 8. Ne5 c6 9. Bf4 Nh5 10. Be3 Nd7 11. Rc1 a6 12. cxd5 cxd5 13. Na4 b5 14. Nxd7 Qxd7 15. Nb6 Qd8 16. Nxa8 Bxa8 17. Qc2 Bd6 18. Bf3 Nf6 19. Bf4 Bxf4 20. gxf4 Ne4 21. Qc7 Qh4 22. Qe5 Nd2 23. Rfe1 Nc4 24. Qg5 Qxg5+ 25. fxg5 Nxb2 26. Rc7 Nc4 27. Ra7 a5 28. e3 a4 29. Be2 Rb8 30. Rb1 Bc6 31. Rxa4 h6 32. gxh6 gxh6 33. Bxc4 dxc4 34. Rxc4 Bd5 35. Rcb4 Bxa2 36. Rxb5 Rf8 37. Ra1 Bd5 38. Rab1 Kh7 39. Rb8 Rxb8 40. Rxb8 Kg6 41. h3 h5 42. Kh2 Bf3 43. Kg3 Be2 44. e4 Bd3 45. d5 Bxe4 46. d6 1-0